LEADER 04608nam 22008294a 450 001 9910455130103321 005 20200520144314.0 010 $a1-282-08778-9 010 $a9786612087783 010 $a1-4008-2587-3 024 7 $a10.1515/9781400825875 035 $a(CKB)1000000000773393 035 $a(EBL)445509 035 $a(OCoLC)496287752 035 $a(SSID)ssj0000335331 035 $a(PQKBManifestationID)11254963 035 $a(PQKBTitleCode)TC0000335331 035 $a(PQKBWorkID)10273613 035 $a(PQKB)10985859 035 $a(MiAaPQ)EBC445509 035 $a(MdBmJHUP)muse36202 035 $a(DE-B1597)446433 035 $a(OCoLC)979741717 035 $a(DE-B1597)9781400825875 035 $a(Au-PeEL)EBL445509 035 $a(CaPaEBR)ebr10284045 035 $a(CaONFJC)MIL208778 035 $a(EXLCZ)991000000000773393 100 $a20021126d2003 uy 0 101 0 $aeng 135 $aur|n|---||||| 181 $ctxt 182 $cc 183 $acr 200 10$aBound by recognition$b[electronic resource] /$fPatchen Markell 205 $aCourse Book 210 $aPrinceton, N.J. $cPrinceton University Press$dc2003 215 $a1 online resource (300 p.) 300 $aDescription based upon print version of record. 311 $a0-691-11381-5 311 $a0-691-11382-3 320 $aIncludes bibliographical references (p. [249]-276) and index. 327 $t Frontmatter -- $tContents -- $tAcknowledgments -- $tIntroduction: The Problem of Recognition -- $tChapter 1. From Recognition to Acknowledgment -- $tChapter 2. The Distinguishing Mark: Taylor, Herder, and Sovereignty -- $tChapter 3. Tragic Recognition: Action and Identity in Antigone and Aristotle -- $tChapter 4. The Abdication of Independence: On Hegel's Phenomenology -- $tChapter 5. Double Binds: Jewish Emancipation and the Sovereign State -- $tChapter 6. The Slippery Slope: Multiculturalism as a Politics of Recognition -- $tConclusion: Toward a Politics of Acknowledgment -- $tAfterword: A Note on the Cover -- $tNotes -- $tWorks Cited -- $tIndex 330 $aIn an era of heightened concern about injustice in relations of identity and difference, political theorists often prescribe equal recognition as a remedy for the ills of subordination. Drawing on the philosophy of Hegel, they envision a system of reciprocal knowledge and esteem, in which the affirming glance of others lets everyone be who they really are. This book challenges the equation of recognition with justice. Patchen Markell mines neglected strands of the concept's genealogy and reconstructs an unorthodox interpretation of Hegel, who, in the unexpected company of Sophocles, Aristotle, Arendt, and others, reveals why recognition's promised satisfactions are bound to disappoint, and even to stifle. Written with exceptional clarity, the book develops an alternative account of the nature and sources of identity-based injustice in which the pursuit of recognition is part of the problem rather than the solution. And it articulates an alternative conception of justice rooted not in the recognition of identity of the other but in the acknowledgment of our own finitude in the face of a future thick with surprise. Moving deftly among contemporary political philosophers (including Taylor and Kymlicka), the close interpretation of ancient and modern texts (Hegel's Phenomenology, Aristotle's Poetics, and more), and the exploration of rich case studies drawn from literature (Antigone), history (Jewish emancipation in nineteenth-century Prussia), and modern politics (official multiculturalism), Bound by Recognition is at once a sustained treatment of the problem of recognition and a sequence of virtuoso studies. 606 $aEquality 606 $aJustice 606 $aMulticulturalism 606 $aDifference (Philosophy) 606 $aGroup identity 606 $aRecognition (Philosophy) 606 $aAgent (Philosophy) 606 $aIndividuality 606 $aDemocracy 608 $aElectronic books. 615 0$aEquality. 615 0$aJustice. 615 0$aMulticulturalism. 615 0$aDifference (Philosophy) 615 0$aGroup identity. 615 0$aRecognition (Philosophy) 615 0$aAgent (Philosophy) 615 0$aIndividuality. 615 0$aDemocracy. 676 $a320/.01 700 $aMarkell$b Patchen$f1969-$0627126 801 0$bMiAaPQ 801 1$bMiAaPQ 801 2$bMiAaPQ 906 $aBOOK 912 $a9910455130103321 996 $aBound by Recognition$91212447 997 $aUNINA LEADER 05633nam 22007335 450 001 9910548186203321 005 20251113185532.0 010 $a3-030-88192-X 024 7 $a10.1007/978-3-030-88192-4 035 $a(MiAaPQ)EBC6893506 035 $a(Au-PeEL)EBL6893506 035 $a(CKB)21282067500041 035 $a(PPN)260831204 035 $a(DE-He213)978-3-030-88192-4 035 $a(EXLCZ)9921282067500041 100 $a20220221d2022 u| 0 101 0 $aeng 135 $aurcnu|||||||| 181 $ctxt$2rdacontent 182 $cc$2rdamedia 183 $acr$2rdacarrier 200 10$aAdvanced Composites in Aerospace Engineering Applications /$fedited by Norkhairunnisa Mazlan, S.M. Sapuan, R.A. Ilyas 205 $a1st ed. 2022. 210 1$aCham :$cSpringer International Publishing :$cImprint: Springer,$d2022. 215 $a1 online resource (517 pages) 311 08$aPrint version: Mazlan, Norkhairunnisa Advanced Composites in Aerospace Engineering Applications Cham : Springer International Publishing AG,c2022 9783030881917 327 $a1. Advanced Polymer Composite Manufacturing Dimensions For Aerospace Engineering Applications -- 2. Impact Studies of Nano and Hybrid Composites -- 3. High Strain Rate Studies of Polymer and Hybrid Nanocomposites -- 4. Design Methodologies for Composite Structures in Aircraft Engines -- 5. Machining of Aerospace-Grade Composites and Related Stacks for Aircraft Applications -- 6. Advanced Potential Hybrid Biocomposites in Aerospace Applications: A comprehensive review -- 7. Finite element modelling of the effects of vent holes in carbon fibre reinforced composite laminates: analysis of stress field pattern -- 8. Mechanical, Thermal and Wear Behavior of SiC Particle Strengthening of PMMA-Toughened Glass-Epoxy Hybrid Composite -- 9. An Overview on the Natural/Synthetic Fibre Reinforced Metal-Composite Sandwich Structures for Potential Application in Aerospace Sectors -- 10. Investigation and Analysis the Surface Veracity Aspects forthe WireEDM of Al/ZrO2(P)-MMC -- 11. Material Characterization of Alloys for Aerospace Applications: Effect of laser power on the Co-axially deposited T64 alloy and Cu -- 12. Optimization of Reinforcement Parameters and Turning Conditions for Improving Surface Quality of Hybrid Al-SiC-Red Mud Composite -- 13. Thermal characterization of graphitized carbon nanotube reinforced Ti64 nanocomposites synthesized by field assisted sintering technique for fuselage and wing box applications -- 14. Hybrid Biocomposites: Utilization in Aerospace Engineering -- 15. Moulding of Carbon-Epoxy Composite Prepregs for Applications in Aerospace Industries -- 16. Recent trends in Hybrid Composites for aerospace applications: A review -- 17. Flexural and impact properties of hybrid of fibre reinforced in PLA nanocomposites with for aerospace applications -- 18. Evolution of Aerospace Composite Materials -- 19. Cooling Curve Thermal Analysis ofAl-20%Mg2Si-xB4C Hybrid Composites for Aerospace Applications -- 20. Microstructural Characterization, Mechanical Properties and Sliding Wear Behavior of Al-20%Mg2Si-xB4C Hybrid Composites of the Aircraft Body -- 21. Hybrid Composites for Very Large Lightweight Wind Turbine Blades: Structural and Materials Aspects -- 22. Influence of scanning speed on the laser metal deposition of Ti-6Al-4V and Mo for aerospace application -- 23. Carbon nanomaterial-carbon fiber hybrid composite for lightweight structural composites in the aerospace industry: Synthesis, processing, and properties -- 24. Advanced Composites in Aerospace Applications: Opportunities, Challenges and Future Perspective. 330 $aThis book presents an authoritative account of the potential of advanced composites such as composites, biocomposites, composites geopolymer, hybrid composites and hybrid biocomposites in aerospace application. It documents how in recent years, composite materials have grown in strength, stature, and significance to become a key material of enhanced scientific interest and resultant research into understanding their behavior for selection and safe use in a wide spectrum of technology-related applications. This collection highlights how their unique combination of superior properties such as low density, high strength, high elastic modulus, high hardness, high temperature capability, and excellent chemical and environmental stability are optimized in technologies within these field. 606 $aComposite materials 606 $aAerospace engineering 606 $aAstronautics 606 $aBuilding materials 606 $aMaterials 606 $aChemistry 606 $aBiomaterials 606 $aComposites 606 $aAerospace Technology and Astronautics 606 $aStructural Materials 606 $aMaterials Chemistry 606 $aBiomaterials 615 0$aComposite materials. 615 0$aAerospace engineering. 615 0$aAstronautics. 615 0$aBuilding materials. 615 0$aMaterials. 615 0$aChemistry. 615 0$aBiomaterials. 615 14$aComposites. 615 24$aAerospace Technology and Astronautics. 615 24$aStructural Materials. 615 24$aMaterials Chemistry. 615 24$aBiomaterials. 676 $a629.13252 676 $a629.10284 702 $aMazlan$b Norkhairunnisa 702 $aSapuan$b S. M. 702 $aIlyas$b R. A. 801 0$bMiAaPQ 801 1$bMiAaPQ 801 2$bMiAaPQ 906 $aBOOK 912 $a9910548186203321 996 $aAdvanced Composites in Aerospace Engineering Applications$92904355 997 $aUNINA LEADER 05478oam 2200625 c 450 001 9910842265503321 005 20260302090207.0 010 $a9783839432648 010 $a3839432642 024 7 $a10.14361/9783839432648 035 $a(CKB)3710000000520072 035 $a(EBL)4712104 035 $a(SSID)ssj0001695054 035 $a(PQKBManifestationID)16545040 035 $a(PQKBTitleCode)TC0001695054 035 $a(PQKBWorkID)15048878 035 $a(PQKB)25090425 035 $a(MiAaPQ)EBC4712104 035 $a(DE-B1597)462920 035 $a(OCoLC)952799384 035 $a(OCoLC)960758779 035 $a(DE-B1597)9783839432648 035 $a(transcript Verlag)9783839432648 035 $a(Perlego)1461490 035 $a(EXLCZ)993710000000520072 100 $a20260302d2015 uy 0 101 0 $ager 135 $aur|n|---||||| 181 $ctxt$2rdacontent 182 $cc$2rdamedia 183 $acr$2rdacarrier 200 10$aConstructing Intersex$eIntergeschlechtlichkeit als soziale Kategorie$fJoris Anja Gregor 205 $a1st ed. 210 $aBielefeld$ctranscript Verlag$d2015 215 $a1 online resource (349 pages) 225 0 $aSoma Studies$v2 300 $aDescription based upon print version of record. 311 08$a9783837632644 311 08$a3837632644 320 $aIncludes bibliographical references. 327 $aFrontmatter 1 Editorial 2 Inhalt 5 Danke 7 Einleitung 11 Kapitel I. Intergeschlechtlichkeit - Grundlegungen einer sozialen Kategorie 27 Kapitel II. Biographie und Geschlechtlichkeit. Eine queertheoretische Betrachtung 95 Kapitel III. Statt eines Methodenkapitels 151 Kapitel IV. Pathologisierung und Geheimhaltung als Mittel der Normalisierung 181 Kapitel V. Widerständiges KörperGeschlecht. Zwischen Intersexualisierung und Körperbezug als Selbstbezug 225 Kapitel VI. "Wer seine Vergangenheit nicht kennt, ist dazu verdammt, seine Vergangenheit zu wiederholen." Neue Perspektiven auf Biographizität 267 Schluss Intergeschlechtlichkeit als soziale Kategorie 305 Literatur 323 Transkriptionsregeln 347 330 $aMit »Constructing Intersex« liegt die erste Biographieforschung mit intergeschlechtlichen Menschen im deutschsprachigen Raum vor. Auf Basis von Interviews stellt Anja Gregor heraus, welche schwerwiegenden Folgen bestimmte medizinische Pathologisierungs- und Zurichtungspraktiken für die Biographien der Betroffenen haben. Sie zeigt: Die soziale Konstruktion von Intergeschlechtlichkeit als zugleich tabuisiertem und medizinisch hochrelevantem Phänomen ist nicht nur auf der medizinisch-praktischen Ebene von Ambivalenzen und Verwerfungen geprägt. Die Studie reflektiert zudem den sozialen Gehalt von Körper und Geschlecht und verweist so auf das gesellschaftstheoretische Potential von Intergeschlechtlichkeit als sozialer Kategorie. 330 1 $a»Eine überaus lesenswerte soziologische Studie, die beiträgt zu einer Soziologie der Aufklärung (über das Leben im gender trouble), dem Leiden an allzu rigiden Normen (der gegenwärtigen Geschlechter-Ordnung) und dem Eigensinn biographisch-körperlicher Subjektivität (transgeschlechtlicher Menschen).« Paula-Irene Villa, Soziologische Revue, 40/2 (2017) »Anja Gregors Dissertation ist eine gelungene Arbeit, in der es ihr gelingt, Intergeschlechtlichkeit und die Personen dahinter nicht zu vereinnahmen und dennoch eine solide wissenschaftliche Arbeit über das Thema zu schreiben. Diese Arbeit ist durch ihr breites Spektrum an Anschlüssen für viele Zielgruppen interessant sowie auch politisch relevant. Sie zeigt, wie der medizinische Diskurs auf Einzelpersonen einwirkt und wie Machtstrukturen gestärkt werden.« Anike Krämer, www.querelles-net.de, 17/3 (2016) »Die Studie ist genau gegliedert und methodisch gut aufgebaut und zeigt deutlich auf, dass es sich bei Intersexualität um eine komplexe Situation handelt, die nicht nur medizinisch-biologische, sondern auch psychische, soziale und politische Dimensionen hat.« Monika Jarosch, AEP Informationen, 1 (2016) »Das Buch ist vor allem jenen zu empfehlen, die eine sozialtheoretische Auseinandersetzung mit queerer Biographieforschung suchen. Äußerst anschlussfähig sind die Erkenntnisse auch für Forschungsvorhaben im Umkreis der Körpersoziologie und des in den Sozialwissenschaften florierenden neomaterialistischen Ansatzes.« Katarina Saalfeld, www.socialnet.de, 27.01.2016 Besprochen in: www.hamburger-frauenbibliothek.de, 2 (2017) 410 0$aSoma studies ;$vBand 2. 606 $aGeschlecht; Gender; Queer Theory; Körper; Embodiment; Intergeschlechtlichkeit; Intersexualität; Inter*; Geschlechterforschung; Queer Studies; Soma Studies; Biographieforschung; Gender Studies; Medizinsoziologie; Sexualität; Soziologie; Body; Intersexuality; Sociology of Medicine; Sexuality; Sociology; 615 4$aGeschlecht; Gender; Queer Theory; Körper; Embodiment; Intergeschlechtlichkeit; Intersexualität; Inter*; Geschlechterforschung; Queer Studies; Soma Studies; Biographieforschung; Gender Studies; Medizinsoziologie; Sexualität; Soziologie; Body; Intersexuality; Sociology of Medicine; Sexuality; Sociology; 676 $a306.7685 686 $aLB 44000$2rvk 700 $aGregor$b Joris Anja$4aut$01461776 801 0$bDE-B1597 801 1$bDE-B1597 906 $aBOOK 912 $a9910842265503321 996 $aConstructing Intersex$93670557 997 $aUNINA